000 00695nam a2200253Ia 4500
003 OSt
005 20221005075509.0
006 a|||||r|||| 00| 0
007 ta
008 221004b |||||||| |||| 00| 0 eng d
020 _a0187521082
024 _a76906
037 _cTextual
040 _aCRL
_cCRL
_beng
041 _2eng
_aeng
082 _aV236:28, P3
100 _aSingla Pawan K.
_9609662
245 0 _aBritish administration in Punjab 1897-1919 and its reaction
260 _aNew Delhi
_bNational book Organisation India
_c2003
300 _a299p.
_ccm.
650 _aHISTORY
942 _hV236:28, P3
_cTEXL
_2cc
999 _c984693
_d984693